El Movimiento obrero de Nicaragua

Guardado en:
Bibliografiske detaljer
Hovedforfatter: Gutiérrez Mayorga, Gustavo A.
Format: Texto
Udgivet: Managua :
Tags: Tilføj Tag
Ingen Tags, Vær først til at tagge denne postø!

MARC

LEADER 00000 a a2200000 04500
001 15886
003
040
090 |a 015200  
100 |a Gutiérrez Mayorga, Gustavo A.  
245 |a El Movimiento obrero de Nicaragua  
260 |a Managua :  
300 |a 49 p.  
999 |c 15871  |d 15871